Countries by First Two Letters of Type-Ins in 90 Seconds - Statistics

General Stats
  • This quiz has been taken 151 times
  • The average score is 143 of 196
Answers on the Map
Answers color-coded by a green-red scale on the quiz's map according to % correct below.
 
Answer Stats
Country % Correct
Democratic Republic of the Congo
100%
Federated States of Micronesia
100%
Republic of the Congo
100%
United Kingdom
100%
United States
100%
Cambodia
99%
Cameroon
99%
Canada
99%
Cape Verde
99%
Central African Republic
99%
Monaco
98%
Chad
97%
Chile
97%
China
97%
North Macedonia
97%
Samoa
97%
Brazil
96%
Brunei
96%
Rwanda
96%
Russia
95%
Australia
94%
Austria
94%
Moldova
94%
Mongolia
94%
Montenegro
94%
Morocco
94%
Mozambique
94%
India
93%
Indonesia
93%
Solomon Islands
93%
Antigua and Barbuda
92%
Argentina
92%
Armenia
92%
Mexico
92%
South Korea
92%
Iran
91%
Iraq
91%
Ireland
91%
Madagascar
91%
Malawi
91%
Malaysia
91%
Maldives
91%
Mali
91%
Malta
91%
Marshall Islands
91%
Mauritania
91%
Mauritius
91%
Netherlands
91%
Saint Kitts and Nevis
91%
Saint Lucia
91%
Saint Vincent and the Grenadines
91%
Somalia
91%
South Africa
91%
South Sudan
91%
Ivory Coast
89%
North Korea
89%
San Marino
89%
São Tomé and Príncipe
89%
Saudi Arabia
89%
United Arab Emirates
89%
Norway
88%
Spain
88%
Eswatini
87%
Pakistan
87%
Palau
87%
Panama
87%
Papua New Guinea
87%
Paraguay
87%
Poland
87%
Portugal
87%
Denmark
86%
France
86%
Kazakhstan
86%
Sweden
85%
Switzerland
85%
Ukraine
85%
Belarus
83%
Belgium
83%
Belize
83%
Benin
83%
Colombia
83%
Comoros
83%
Costa Rica
83%
Tunisia
83%
Turkey
83%
Turkmenistan
83%
Tuvalu
83%
Georgia
81%
Germany
81%
Bolivia
80%
Bosnia and Herzegovina
80%
Botswana
80%
New Zealand
80%
Sudan
80%
Suriname
80%
Lesotho
79%
Nicaragua
79%
Niger
79%
Nigeria
79%
Albania
78%
Algeria
78%
Italy
78%
Nepal
78%
Peru
78%
Vatican City
78%
Egypt
77%
Bahrain
76%
Fiji
76%
Finland
76%
Bahamas
74%
Bangladesh
74%
Barbados
74%
Iceland
74%
Myanmar
74%
Liberia
73%
Libya
73%
Liechtenstein
73%
Lithuania
73%
Bhutan
72%
Jamaica
72%
Japan
72%
Taiwan
70%
Venezuela
70%
Czech Republic
69%
Dominican Republic
68%
Laos
68%
Latvia
68%
Guatemala
67%
Guyana
67%
Andorra
66%
Angola
66%
Cuba
66%
Namibia
65%
Nauru
65%
Oman
65%
Senegal
64%
Serbia
64%
Seychelles
64%
Gambia
63%
Bulgaria
62%
Burkina Faso
62%
Burundi
62%
Ecuador
62%
Tajikistan
62%
Tanzania
62%
Yemen
62%
Guinea
59%
Uruguay
59%
Ethiopia
58%
Afghanistan
56%
Guinea-Bissau
56%
Greece
54%
Grenada
54%
Ghana
53%
Philippines
53%
Romania
53%
Thailand
53%
Estonia
52%
Vietnam
52%
Kyrgyzstan
51%
Honduras
48%
Uzbekistan
48%
Sierra Leone
46%
Singapore
46%
Zambia
45%
Zimbabwe
44%
Haiti
43%
Kenya
43%
Slovakia
43%
Slovenia
43%
Israel
42%
Syria
42%
Togo
42%
Tonga
42%
El Salvador
40%
Eritrea
40%
Hungary
40%
Lebanon
40%
Sri Lanka
40%
Gabon
39%
Kosovo
35%
Vanuatu
34%
Djibouti
33%
Dominica
33%
Jordan
32%
Uganda
32%
Luxembourg
31%
Qatar
31%
Azerbaijan
30%
Croatia
30%
Kiribati
29%
Equatorial Guinea
28%
Kuwait
28%
East Timor
24%
Cyprus
23%
Trinidad and Tobago
18%
No matching quizzes found
Score Distribution
Percent of People with Each Score
Percentile by Number Answered
Your Score History
You have not taken this quiz